Modernizácia železničnej stanice v Zlatých Moravciach

Saved in:
Bibliographic Details
Main Author: Zaťko, Lukáš (Author)
Other Authors: Buday, Peter (Thesis advisor)
Format: Manuscript Book
Language:Slovak
Published: 2025
Subjects:
Online Access:http://is.stuba.sk/zp/portal_zp.pl?podrobnosti=175858
CRZP
Tags: Add Tag
No Tags, Be the first to tag this record!

MARC

LEADER 00000ntm a22000003a 4500
001 stuzp99004
003 SK-STU
005 20250801124110.1
007 ta
008 150427s2015----xo-----f-mn---000-0-slo-d
040 |a STU  |b slo 
041 0 |a slo 
100 1 |a Zaťko, Lukáš  |u 010180  |4 aut  |U SvF Stavebná fakulta  |T SvF Katedra konštrukcií pozemných stavieb  |X 88642  |U V180  |Y 18  |7 88642 
242 0 1 |a Modernization of the railway station in Zlate Moravce  |y eng 
245 1 0 |a Modernizácia železničnej stanice v Zlatých Moravciach 
260 |c 2025 
650 4 |a Zlaté Moravce  |2 eng 
650 4 |a Modernisation  |2 eng 
650 4 |a Railway station  |2 eng 
650 4 |a Modernizácia  |2 slo 
650 4 |a Zlaté Moravce  |2 slo 
650 4 |a Železničná stanica  |2 slo 
700 1 |a Buday, Peter  |u 010180  |k Z1  |4 ths  |U SvF Stavebná fakulta  |T SvF Katedra konštrukcií pozemných stavieb  |X 962  |U V180  |Y 18  |7 A000000962 
856 4 |u http://is.stuba.sk/zp/portal_zp.pl?podrobnosti=175858 
856 4 |u https://opac.crzp.sk/?fn=detailBiblioForm&sid=809C367C54749DCAA047ABFF7E5A  |z CRZP